| 000 | 00758nam a2200265Ia 4500 | ||
|---|---|---|---|
| 999 |
_c8881 _d8881 |
||
| 001 | 16507773 | ||
| 003 | OCoLC | ||
| 005 | 20241126110700.0 | ||
| 008 | 870818r19841972ilua b 001 0 eng d | ||
| 010 | _z72077952 | ||
| 020 | _a0802407064 | ||
| 040 |
_aBCT _cBCT |
||
| 082 |
_a266.001 _bPET |
||
| 090 |
_aBV2073 _b.P48 1984 |
||
| 100 | 1 |
_aPeters, George W _92231 |
|
| 245 | 1 | 2 |
_aA biblical theology of missions / _cby George W. Peters |
| 250 | _aPbk. ed | ||
| 260 |
_aChicago : _bMoody Press, _c1984 |
||
| 300 |
_a368 p. : _bill. ; _c23 cm |
||
| 500 | _aOriginal ed., 1972 | ||
| 504 | _aIncludes bibliographical references (p. 352-363) and index | ||
| 650 | 0 |
_aMissions _xBiblical teaching _9481 |
|
| 650 | 0 |
_aMissions _xTheory _948 |
|
| 942 |
_2ddc _cBK _014 |
||